02364nkc a2200337za 450000100060000000300040000600500170001000700070002700800410003404000240007510000330009924500410013226000240017330001000019750002770029750001930057450000650076750001340083250001690096650400520113550500400118751001510122751002100137856101300158861000420171865100190176065500320177970000530181185200120186485601500187684714OSt20260324155648.0kh boc250410s19101911sp ||||| ||||||0| i|spa d aM-RABAbspacM-RABA1 aElorza, Lorenzod(1861-1931)10aUrrialdob: Ventana del Surc/ L. E. c[ca. 1910 – 1911] a1 fotografía b: gelatina de plata c; imagen 12 x 17 cmc; soporte secundario 21,5 x 26,5 cm aVista del ventanal sur de la ermita de Nuestra Señora de Urrialdo en Mártioda, formada por arco de medio punto con una única arquivolta decorada con una sarta de besantes y un baquetón, con imposta ajedrezada, y dos columnas de fuste cilíndrico y basas de garra. aFotografía montada sobre soporte secundario de cartulina azul enmarcada con orla en relieve. Título y numeración manuscrita que hace referencia a la posición en la serie “159”. aSello con monograma del fotógrafo en tinta roja “L.E.” aFechas tomadas de la ejecución del positivo de las fotografías, incluido el soporte secundario. (Soto Madrazo, Javier. 2008). aForma parte de un conjunto de 167 fotografías empleadas por Federico Baráibar Zumárraga para la elaboración del Inventario del Románico en Álava (1911). aBaraibar, F.: "Rincones artísticos", M. 1914. aUrrialdo.- Ventana del Sur. / L. E. aDescripción tomada de: Soto Madrazo, Javier (2008). Federico Baraibar y el Inventario del Románico en Álava: una caja con 167 fotografías. aEsta colección fue utilizada posteriormente por Cristóbal de Castro para la elaboración y publicación del "Catálogo Monumental de España: provincia de Álava", Madrid, S. de Rivadeneira, 1915. aDonadas junto con la memoria manuscrita a la Academia por el mismo Baraibar (Sesión 12 de febrero de 1912, Archivo: 4-32-1)27aErmita de Nuestra Señora (Urrialdo) 7aÁlava2embne 0aFotografías de monumentos1 aBaráibar y Zumárraga, Federico d(1851-1918) jFot-268 3Fot-268uhttps://archivoybiblioteca.realacademiabellasartessanfernando.com/cgi-bin/koha/opac-retrieve-file.pl?id=6c42c137cc3a2ee770d13680aed316d2